000 00462cam a2200181 4500
001 D12064
008 090401t1907 xxu||||| |||| 00| 0 eng d
035 _a(Sirsi) u1031
041 _aeng
100 _aBaker, T.
245 _aRudimentary treatise on Mesuration and Measuring for students and practical use
250 _anew
260 _aLondon
_bCrosby Lockwood and Son
_c1907
350 _a0
520 _aShelf 151
942 _n0
948 _c04/03/1997
999 _c85615
_d85615